Landlocked Countries of Europe - Statistics

General Stats
  • This quiz has been taken 43 times
    26 since last reset
  • The average score is 14 of 15
Answer Stats
Answer % Correct
Austria
100%
Czech Republic
96%
Hungary
96%
Slovakia
96%
Belarus
92%
Kosovo
92%
Liechtenstein
92%
Andorra
88%
Luxembourg
88%
North Macedonia
88%
San Marino
88%
Switzerland
88%
Vatican City
88%
Serbia
83%
Moldova
79%
No matching quizzes found
Score Distribution
Percent of People with Each Score
Percentile by Number Answered
Your Score History
You have not taken this quiz since the last reset